| 000 | 00811cam a2200265 4500 | ||
|---|---|---|---|
| 001 | 4411 | ||
| 003 | BD-RjUL | ||
| 005 | 20211208233904.0 | ||
| 008 | 131222s1968 ilu b 001 0 eng | ||
| 035 | _a(BD-RjUL)4446 | ||
| 040 |
_aDLC _cDLC _dDLC _dBD-RjUL _beng |
||
| 041 | _aeng | ||
| 082 | 0 | 0 |
_a338.5201 _bLIN 1968 |
| 100 | 1 |
_aLiebhafsky, H. H. _q(Herbert Hugo), _d1919-1993. _913951 |
|
| 245 | 1 | 4 |
_aThe nature of price theory / _cH. H. Liebhafsky. With the assistance of Nancy M. Liebhafsky. |
| 250 | _aRev. ed. | ||
| 260 |
_aHomewood, Ill. : _bDorsey Press, _cc1968. |
||
| 300 |
_axix, 643 p. ; _c24 cm. |
||
| 490 | 0 | _aThe Dorsey series in economics | |
| 504 | _aIncludes bibliographies and index. | ||
| 650 | 0 |
_aPrices. _913952 |
|
| 942 |
_2ddc _cBK |
||
| 999 |
_c4411 _d4411 |
||